Normal view
MARC view
Entry Personal Name
001 - CONTROL NUMBER
- control field: 5199
003 - CONTROL NUMBER IDENTIFIER
- control field: AUA.1
005 - DATE AND TIME OF LATEST TRANSACTION
- control field: 20111006142524.0
008 - FIXED-LENGTH DATA ELEMENTS
- fixed length control field: 111006|||a|||||| | ||| d
040 ## - CATALOGING SOURCE
- Original cataloging agency: AUA.1
- Transcribing agency: AUA.1
100 ## - HEADING--PERSONAL NAME
- Personal name: Kroeger, Catherine Clark.
670 ## - SOURCE DATA FOUND
- Source citation: Work cat.: (AUA.1)0: Kroeger, Richard Clark. 5195, I suffer not a woman :, c1992.